• 首页
  • 本馆介绍
  • 公告通知
  • 最新文献
  • 馆藏检索
  • 电子资源
  • 读者导购
  • 参考咨询
  • 我的图书馆
  • 登录
  • 详细信息显示
  • 放入我的书架
  • 预约/预借图书
  • 作者相关作品
  • 分类相关作品
  • 丛书相关作品
  • 出版社相关作品

书目信息

  • 表格格式
  • 工作单格式
  • 卡片格式
题名:
梁任公近著
    
 
作者: 梁启超 著
分册: 第一辑上卷  
出版信息: 北京   商务印书馆  1923
页数: 380页
开本: 22cm
丛书名:
单 册:
中图分类: B259.1
科图分类:
主题词: 近代哲学--中国 , 个人-道德修养
电子资源:
ISBN:
000 00563nam0 2200205 450
001 0634005458
005 20060512095712.95
010    @dCNY2.00
100    @a20060428d1923 km y0chiy0120 ea
101 0  @achi
102    @aCN@b110000
200 1  @a梁任公近著@Aliang ren gong jin zhu@h第一辑上卷@f梁启超著@Fliang qi chao zhu
210    @a北京@c商务印书馆@d1923
215 1  @a380页@d22cm
606 0  @a近代哲学@x中国
606 0  @a个人-道德修养
690    @aB259.1@v4
701  0 @a梁启超@Aliang qi chao@4著
801  0 @aCN@bPFT@c20060512
905    @a10447@dB259.1@e1:1(1)
    
    梁任公近著.第一辑上卷/梁启超著.-北京:商务印书馆,1923
    380页;22cm
    
    
    ISBN :CNY2.00
    
●
相关链接 在E读中查询图书 在五车中查询图书 在当当中查询图书 在豆瓣中查询图书


正题名:梁任公近著     索取号:B259.1/1:1(1)         预约/预借

序号 登录号 条形码 馆藏地/架位号 状态 备注
1 0015761   202322655   密集书库/ [索取号:B259.1/1:1(1)] 在馆    
唐山师范学院图书馆 欢迎您!
大连网信软件有限公司© 版权所有